000 01202nmm a2200313 a 4500
001 ocm0001162409
003 TR-IsHL
005 20201028154015.0
008 150709s2015 tu tur
007 cr cn
020 _a9789758915781
035 _a1162409
_b(N$T)
050 0 4 _aD568.3
_bD45 2015
090 0 4 _aD568.3
_bD45 2015
100 1 _aDemirdurak, Bülent
245 1 0 _aÇanakkale 1915: Gelibolu koylarında gözlerimiz yaşlı
_h[electronic resource] /
_cBülent Demirdurak ; editörler Aksel Köseoğlu, Taceddin Köseoğlu ; fotoğraflar Selçuk Akbulut, Gurur Aras, Bülent Demirdurak
260 _aİstanbul :
_bGiTa Yayınları,
_c2015
300 _a105 p.
650 4 _aTarih
650 4 _aHistory
650 0 _aDünya Savaşı, 1914-1918
_xSeferberlik
_xTürkiye
_xGelibolu Yarımadası
650 0 _aWorld War, 1914-1918
_xCampaigns
_xTurkey
_xGallipoli Peninsula
650 7 _aHISTORY / Middle East / Turkey & Ottoman Empire
_2bisacsh
700 1 _aKöseoğlu, Aksel
700 1 _aKöseoğlu, Taceddin
700 1 _aAkbulut, Selçuk
700 1 _aAras, Gurur
856 4 0 _uhttp://search.ebscohost.com/login.aspx?direct=true&scope=site&db=e011xww&AN=1162409
999 _c12348
_d12348